000 00690nam a2200193 i 4500
001 bg
100 1 _aCRISFIELD, M. A.
245 1 0 _aNon-linear finite element analysis of solids and structures.
_nVol. 1,
_pEssentials /
_cM.A. Crisfield.
260 _aChichester [et. al.] :
_bJohn Wiley and Sons,
_ccop. 1991.
650 9 _aMetoda elementów skończonych
_xstosowanie
_xmechanika
650 9 _aNaprężenia i odkształcenia
_xbadanie
_xmetody
650 9 _aPlastyczność
_xbadanie
_xmetody
650 9 _aWytrzymałość materiałów
_xbadanie
_xmetody
040 _cBPK
041 _apol
080 _a519.61/.65:539.3/.6:620.1
942 _cKS
008 s pl f |000 0 pol
999 _c29640
_d29640
856 _uhttp://koha.tu.koszalin.pl/cgi-bin/koha/opac-detail.pl?biblionumber=29640
_yKatalog online BPK